=LDR 00000nam 2200000 4500 =001 INLIS000000000033169 =005 20150921130705.0 =006 =007 =008 ind =035 ##$$0010-061300000033169 =041 ##$$a ind =082 ##$$a 519.335 =090 ##$$a 519.335, Wij a =100 ##$$a Wijaya, Tony =245 ##$$a Analisis multivariat, Teknik olah data untuk skrepsi,tesis dan disentrasi menggunakan Spss, Tony Wijaya =260 ##$$a 2010 $b Yogyakarta =300 ##$$a iv,133 hlm, 21 cm =650 ##$$a Analisis Multivariat =850 ##$$a NBPNMAT =990 ##$$a 0001/BPAP-NTB/20142014 =990 ##$$a 0001/BPAP-NTB/20142015 =990 ##$$a 0001/BPAP-NTB/20142015 =990 ##$$a 0001/BPAP-NTB/20142015 =990 ##$$a 21601540/BPAP-NTB/2017